000 00685nam a22001937a 4500
999 _c148596
_d148596
005 20230209104821.0
010 _aUR-9987
020 _a9789386285478
_c200.00
035 _aU-8542
037 _bDBAD/PUB
082 _a841.08
100 _aمحسن جلگا نو ی
245 _aا ر د و ہا یکو میں پیکر تر ا شی /
_cمحسن جلگا نو ی
246 _bUrdu Haiko Mein Paiker Tarashi /
_aby Mohsin Jalganvi
260 _aDelhi
_bEducational Publishing House
_c2016 ء
270 _a3191,Vakil Street,Kucha Pandit,Lal Kuan,
_bDelhi
_e110006
_k23216162
_l-
300 _a336 ص
_c22cm(Hb)
942 _2ddc
_cUR
_h841.08
_mم ح س